Lecciones sobre ensueño dirigido en psicoterapia / (Registro nro. 6135)

Detalles MARC
000 -CABECERA
campo de control de longitud fija 01743cam a2200457 a 4500
001 - NÚMERO DE CONTROL
campo de control 000414227
003 - IDENTIFICADOR DEL NÚMERO DE CONTROL
campo de control AR-BaBN
005 - FECHA Y HORA DE LA ÚLTIMA TRANSACCIÓN
campo de control 20250704091234.0
007 - CAMPO FIJO DE DESCRIPCIÓN FÍSICA--INFORMACIÓN GENERAL
campo de control de longitud fija ta
008 - DATOS DE LONGITUD FIJA--INFORMACIÓN GENERAL
campo de control de longitud fija 050725s1975 ag gr 001 0dspa
015 ## - NÚMERO DE BIBLIOGRAFÍA NACIONAL
Número de bibliografía nacional AR-1975
040 ## - FUENTE DE LA CATALOGACIÓN
Centro catalogador/agencia de origen AR-BaBN
Lengua de catalogación
Centro/agencia transcriptor
Normas de descripción
041 1# - CÓDIGO DE LENGUA
Código de lengua del texto/banda sonora o título independiente spa
Código de lengua original fre
044 ## - CÓDIGO DEL PAÍS DE LA ENTIDAD EDITORA/PRODUCTORA
Código MARC del país ag
Código ISO del país ar-c
080 1# - NÚMERO DE LA CLASIFICACIÓN DECIMAL UNIVERSAL
Número de la Clasificación Decimal Universal 159.963.2
Identificador de la edición 2016
080 1# - NÚMERO DE LA CLASIFICACIÓN DECIMAL UNIVERSAL
Número de la Clasificación Decimal Universal 615.859
Identificador de la edición 2016
100 1# - ENTRADA PRINCIPAL--NOMBRE DE PERSONA
Nombre de persona Desoille, Robert,
Fechas asociadas al nombre 1890-1966
Término indicativo de función/relación autor
Código de función/relación aut
240 10 - TÍTULO UNIFORME
Título uniforme <a href="Entretiens sur le rêve éveillé dirigé en psychothérapie.">Entretiens sur le rêve éveillé dirigé en psychothérapie.</a>
Lenguaje de la obra Español
245 10 - MENCIÓN DE TÍTULO
Título Lecciones sobre ensueño dirigido en psicoterapia /
Mención de responsabilidad, etc. Robert Desoille.
260 ## - PUBLICACIÓN, DISTRIBUCIÓN, ETC. (PIE DE IMPRENTA)
Lugar de publicación, distribución, etc. Buenos Aires :
Nombre del editor, distribuidor, etc. Amorrortu,
Fecha de publicación, distribución, etc. [1975].
300 ## - DESCRIPCIÓN FÍSICA
Extensión 243 p. ;
Dimensiones 20 cm.
490 1# - MENCIÓN DE SERIE
Mención de serie Biblioteca de Psicología
500 ## - NOTA GENERAL
Nota general Traducido por Jorge A. Zarza.
500 ## - NOTA GENERAL
Nota general Presentación y nota biográfica por Nicole Fabre. Prólogo por L. J. Delpech.
500 ## - NOTA GENERAL
Especificación de materiales Inventario 01225342:
Nota general Ejemplar subrayado.
Institución que aplica el campo AR-BaBN
504 ## - NOTA DE BIBLIOGRAFÍA, ETC.
Bibliografía, etc.
650 #4 - PUNTO DE ACCESO ADICIONAL DE MATERIA--TÉRMINO DE MATERIA
Término de materia o nombre geográfico como elemento inicial Psicologia
9 (RLIN) 108
650 #4 - PUNTO DE ACCESO ADICIONAL DE MATERIA--TÉRMINO DE MATERIA
Término de materia o nombre geográfico como elemento inicial Psicoterapia
Subdivisión general Uso terapéutico
700 1# - PUNTO DE ACCESO ADICIONAL--NOMBRE DE PERSONA
Nombre de persona Zarza, Jorge A.
Término indicativo de función/relación traductor
Código de función/relación trl
700 1# - PUNTO DE ACCESO ADICIONAL--NOMBRE DE PERSONA
Nombre de persona Fabre, Nicole,
Fechas asociadas al nombre 1925-2023
Término indicativo de función/relación prologuista
Código de función/relación aui
700 1# - PUNTO DE ACCESO ADICIONAL--NOMBRE DE PERSONA
Nombre de persona Delpech, L. J.
Término indicativo de función/relación prologuista
Código de función/relación aui
830 #0 - PUNTO DE ACCESO ADICIONAL DE SERIE-TÍTULO UNIFORME
Título uniforme Biblioteca de Psicología (Amorrortu)
930 #1 - EQUIVALENCIA O REFERENCIA CRUZADA-ENCABEZAMIENTO DE TÍTULO UNIFORME [LOCAL, CANADÁ]
Lenguaje de la obra BNA01
Medio de interpretación para música LIBRO
Enlace 01225342
Enlace entre campo y número de secuencia 20240122
Fecha de publicación/de la obra 11
Versión 04
Número de parte o sección de la obra 000
Mención de arreglo para música 000414227
930 #1 - EQUIVALENCIA O REFERENCIA CRUZADA-ENCABEZAMIENTO DE TÍTULO UNIFORME [LOCAL, CANADÁ]
Lenguaje de la obra BNA01
Medio de interpretación para música LIBRO
Enlace 00173797
Enlace entre campo y número de secuencia 20110912
Fecha de publicación/de la obra 11
Número de parte o sección de la obra 000
Mención de arreglo para música 000414227
942 ## - ELEMENTOS DE PUNTO DE ACCESO ADICIONAL (KOHA)
Fuente del sistema de clasificación o colocación Clasificación Decimal Universal
Tipo de ítem Koha Libros
956 ## - LOCALIZACIÓN Y ACCESO ELECTRÓNICOS LOCAL (OCLC)
Nombre del host GSL
Número de acceso 00
Información sobre la compresión 20110915
Proceso de conexión (Logon) BNA01
Procesador de la petición 2204
956 ## - LOCALIZACIÓN Y ACCESO ELECTRÓNICOS LOCAL (OCLC)
Nombre del host GSL
Información sobre la compresión 20130614
Proceso de conexión (Logon) BNA01
Procesador de la petición 1621
956 ## - LOCALIZACIÓN Y ACCESO ELECTRÓNICOS LOCAL (OCLC)
Nombre del host FCORTI
Número de acceso 20
Información sobre la compresión 20240122
Proceso de conexión (Logon) BNA01
Procesador de la petición 1327
956 ## - LOCALIZACIÓN Y ACCESO ELECTRÓNICOS LOCAL (OCLC)
Nombre del host FCORTI
Número de acceso 20
Información sobre la compresión 20240122
Proceso de conexión (Logon) BNA01
Procesador de la petición 1329
956 ## - LOCALIZACIÓN Y ACCESO ELECTRÓNICOS LOCAL (OCLC)
Nombre del host PENNINGTON
Número de acceso 20
Información sobre la compresión 20240325
Proceso de conexión (Logon) BNA01
Procesador de la petición 1055
Existencias
Estado de retiro Estado de pérdida Fuente del sistema de clasificación o colocación Estado dañado Excepción de préstamo Código de colección Localización permanente Ubicación/localización actual Ubicación en estantería Fecha de adquisición Fuente de adquisición Número de inventario Total de préstamos Signatura topográfica completa Código de barras Fecha visto por última vez Precio válido a partir de Tipo de ítem Koha
    Clasificación Decimal Universal     Psicología BIBLIOTECA RIOBAMBA BIBLIOTECA RIOBAMBA BIBLIOTECA RIOBAMBA 04/07/2025 Donación 8855   159.963.2 DES 8855 04/07/2025 04/07/2025 Libros